000 00660nas a2200229 4500
001 BR8203101
003 BR-BrBNA
005 20231205085206.0
007 ta
008 230509b bl.|||p| |||| 00| 00por d
040 _aBR-BrBNA
_bpor
_cBiblioteca Nacional de Agricultura
041 _a(Pt)
072 _aL70
100 1 _aBezille, P.
245 1 _aHigiene para minorar os problemas dos pes dos bovinos
650 _aBOVINO
650 _aHIGIENE VETERINARIA
650 _aPE
773 0 _tRevista dos Criadores (Brazil)
_xISSN 0034-9259
_g(Jul 1982), v. 52(630) p. 44-50
_wBR8203101
909 _a202311
_bLúcia
_c55
_dLúcia Elande
942 _2AGRIS
_n0
_cANA
999 _c109875
_d109875